00000000nam 2200000zi 4500
0019.952060
003CaOODSP
00520250818161654
006m     o  d f      
007cr cn|||||||||
008250606t20252025quc     ob   f000 0 fre d
020 |a9780660777351
040 |aCaOODSP|bfre|erda|cCaOODSP
043 |an-cn---
0861 |aEn14-568/2025F-PDF
24500|aPlan des priorités en vertu de la Loi canadienne sur la protection de l'environnement (1999) (LCPE) - 2025.
264 1|aGatineau (Québec) : |bEnvironnement et changement climatique Canada, |c2025.
264 4|c©2025
300 |a1 ressource en ligne (15 pages)
336 |atexte|btxt|2rdacontent/fre
337 |ainformatique|bc|2rdamedia/fre
338 |aressource en ligne|bcr|2rdacarrier/fre
500 |aTitre de la couverture.
500 |aPublié aussi en anglais sous le titre : Plan of priorities under the Canadian Environmental Protection Act, 1999 (CEPA) - 2025.
500 |aLe fichier de publication en format PDF a été remplacé le 18 août 2025 à la requête d'Environnement et changement climatique Canada.
504 |aComprend des références bibliographiques.
520 |a« Le Plan s’appuie sur les bases solides du Canada en matière de gestion des produits chimiques dans le cadre de son Plan de gestion des produits chimiques (PGPC). Alors que le Canada s’efforce d’achever les activités restantes de la phase actuelle du PGPC se terminant en mars 2026, ce plan offre un moyen ouvert et transparent de communiquer les intentions du gouvernement du Canada concernant les activités prévues pour la gestion des substances au Canada au cours des prochaines années. Le Plan décrit les substances d’intérêt prioritaire pour l’évaluation et d’autres activités d’évaluation, de contrôle ou de gestion des risques pour l’environnement et la santé humaine, ainsi que des activités de promotion du développement et de l’incorporation d’autres méthodes et stratégies en vue de remplacer, de réduire ou de raffiner les essais sur les animaux vertébrés » -- Introduction, page 1.
61016|aCanada. |tLoi canadienne sur la protection de l’environnement, 1999.
61016|aCanada. |bEnvironnement et changement climatique Canada|xPlanification.
650 6|aHygiène du milieu|xPolitique gouvernementale|zCanada.
650 6|aJustice environnementale|xPolitique gouvernementale|zCanada.
7101 |aCanada. |bEnvironnement et changement climatique Canada, |eorganisme de publication.
77508|tPlan of priorities under the Canadian Environmental Protection Act, 1999 (CEPA) - 2025. |w(CaOODSP)9.952059
85640|qPDF|s363 Ko|uhttps://publications.gc.ca/collections/collection_2025/eccc/En14-568-2025-fra.pdf
986 |aEC25052